000 00633nam a2200277Ia 4500
005 20260324140349.0
008 008 260324s9999 xx 000 0 eng d
020 _a9780429459467
037 _aEBOOK
040 _aCRL
040 _beng
040 _cCRL
041 _2eng
041 _aeng
084 _qCRL
100 _aA.Harry Lesser
_91204116
245 0 _aAgeing, Autonomy and Resources
260 _bTaylor and Francis
260 _c1999
365 _a
365 _b180
856 _uhttp://www.taylorfrancis.com/books/9780429459467
942 _cEBOOK
999 _c1806116
_d1806116